| 000 | 00353 a2200157 4500 | ||
|---|---|---|---|
| 001 | 69967 | ||
| 020 | _a8585913029 | ||
| 040 | _cAnchieta - Itaigara | ||
| 100 | _aMibielli, Francisco | ||
| 240 | 1 | 0 |
_aO menino e a caboré _lpor |
| 245 | 1 | 0 | _aO menino e a caboré |
| 300 | _a64 | ||
| 362 | 0 | _a2004 | |
| 650 | 4 | _aLiteratura infanto-juvenil | |
| 942 | _cBK | ||
| 999 |
_c69967 _d69967 |
||